MARC details
| 000 -CABECERA |
| campo de control de longitud fija |
00952nam a2200265 a 4500 |
| 001 - NÚMERO DE CONTROL |
| campo de control |
000041589 |
| 005 - FECHA Y HORA DE LA ÚLTIMA TRANSACCIÓN |
| campo de control |
20201002035644.0 |
| 008 - DATOS DE LONGITUD FIJA--INFORMACIÓN GENERAL |
| campo de control de longitud fija |
130902s1984 sp c 000 0 spa d |
| 020 ## - NÚMERO INTERNACIONAL ESTÁNDAR DEL LIBRO |
| Número Internacional Estándar del Libro |
8434581639 |
| Enlace entre campo y número de secuencia |
v. 1 |
| 020 ## - NÚMERO INTERNACIONAL ESTÁNDAR DEL LIBRO |
| Número Internacional Estándar del Libro |
8434581647 |
| Enlace entre campo y número de secuencia |
v. 2 |
| 040 ## - FUENTE DE LA CATALOGACIÓN |
| Centro catalogador/agencia de origen |
DO-SdBNP |
| Lengua de catalogación |
spa |
| Centro/agencia transcriptor |
BNPHU |
| 082 ## - NÚMERO DE LA CLASIFICACIÓN DECIMAL DEWEY |
| Número de clasificación |
xxx |
| Número de documento/Ítem |
xxx |
| 100 1# - ENTRADA PRINCIPAL--NOMBRE DE PERSONA |
| Nombre de persona |
Dubos, Rene J. |
| 9 (RLIN) |
68354 |
| 240 10 - TÍTULO UNIFORME |
| Título uniforme |
Louis Pasteur |
| Lenguaje de la obra |
Ingles |
| 245 10 - MENCIÓN DE TÍTULO |
| Título |
Pasteur / |
| Mención de responsabilidad, etc. |
Rene J. Dubos; prólogo, Pedro Lain Entralgo; traducción, Francisco Guerra. |
| 260 ## - PUBLICACIÓN, DISTRIBUCIÓN, ETC. |
| Lugar de publicación, distribución, etc. |
Barcelona : |
| Nombre del editor, distribuidor, etc. |
Salvat, |
| Fecha de publicación, distribución, etc. |
1984. |
| 300 ## - DESCRIPCIÓN FÍSICA |
| Extensión |
2 v. : |
| Otras características físicas |
retrs. ; |
| Dimensiones |
20 cm. |
| 490 1# - MENCIÓN DE SERIE |
| Mención de serie |
Biblioteca Salvat de grandes biografías |
| Designación de volumen o secuencia |
18 |
| 490 1# - MENCIÓN DE SERIE |
| Mención de serie |
Biblioteca Salvat de grandes biografías |
| Designación de volumen o secuencia |
19 |
| 504 ## - NOTA DE BIBLIOGRAFÍA, ETC. |
| Nota de bibliografía, etc. |
Bibliografía p: 369 |
| Número de referencias |
v. 2 |
| 700 1# - PUNTO DE ACCESO ADICIONAL--NOMBRE DE PERSONA |
| Nombre de persona |
Entralgo, Pedro Lain |
| Término indicativo de función/relación |
prol. |
| 9 (RLIN) |
49555 |
| 700 1# - PUNTO DE ACCESO ADICIONAL--NOMBRE DE PERSONA |
| Nombre de persona |
Guerra, Francisco |
| Término indicativo de función/relación |
trad. |
| 9 (RLIN) |
26538 |
| 830 #0 - PUNTO DE ACCESO ADICIONAL DE SERIE-TÍTULO UNIFORME |
| Título uniforme |
Biblioteca Salvat de grandes biografías |
| Designación de volumen o secuencia |
18 |
| 9 (RLIN) |
42025 |
| 830 #0 - PUNTO DE ACCESO ADICIONAL DE SERIE-TÍTULO UNIFORME |
| Título uniforme |
Biblioteca Salvat de grandes biografías |
| Designación de volumen o secuencia |
19 |
| 9 (RLIN) |
42025 |